000
00315nam a22001337a 4500
008
170224b xxu||||| |||| 00| 0 eng d
020
_a
9780399519420
041
_a
eng
080
_2
3 ED
_a
617
100
_a
5
101
_a
SHK
245
_a
COMPLETE GUIDE SYMPTOMS ILLNES SURGERY
_c
GRIFFITH.M
942
_2
udc
_c
BK
999
_c
6216
_d
6216